Minecraft Mobs: Mooshroom - Statistics

General Stats
  • This quiz has been taken 11 times
  • The average score is 7 of 11
Answer Stats
Question Answer % Correct
How many health points does a mooshroom have? 10
100%
What item do you get from using a bucket on a mooshroom? Milk Bucket
86%
What is an adult mooshroom's width in blocks? 0.9
71%
What is an adult mooshroom's height in blocks? 1.4
71%
What item can be used to breed mooshrooms? Wheat
71%
How do you switch the color of a mooshroom? Lightning
57%
What biome can a mooshroom spawn in? Mushroom Fields
57%
What item do you get from using a bowl on a mooshroom? Mushroom Stew | Suspicious Stew
57%
What block can a mooshroom spawn on? Mycelium
57%
Other than raw beef, what item does a mooshroom drop on death? Leather
43%
There is a 1 / ____ chance for a baby mooshroom to be the other color if both parents are the same. 1024
14%
No matching quizzes found
Score Distribution
Percent of People with Each Score
Percentile by Number Answered
Your Score History
You have not taken this quiz